Literacy moves on : popular culture, new technologies, and critical literacy in the elementary classroom
Αποθηκεύτηκε σε:
| Άλλοι συγγραφείς: | |
|---|---|
| Μορφή: | Βιβλίο |
| Γλώσσα: | English |
| Δημοσίευση: |
Portsmouth, NH :
Heinemann,
[c2005]
|
| Θέματα: | |
| Ετικέτες: |
Προσθήκη ετικέτας
Δεν υπάρχουν, Καταχωρήστε ετικέτα πρώτοι!
|
MARC
| LEADER | 00000nam a2200000 i 4500 | ||
|---|---|---|---|
| 001 | 1/74304 | ||
| 008 | 080212s2005 eng d | ||
| 020 | |a 0-325-00738-1 | ||
| 035 | |l 10094609 | ||
| 040 | |a GR-MY-UA |b gre |e aacr | ||
| 041 | 0 | |a eng | |
| 082 | 0 | |a 372.6 |2 (22) | |
| 245 | 1 | 0 | |a Literacy moves on : |b popular culture, new technologies, and critical literacy in the elementary classroom / |c edited by Janet Evans |
| 260 | |a Portsmouth, NH : |b Heinemann, |c [c2005] | ||
| 300 | |a xiii, 207 σ.; |b εικ.; |c 23 εκ. | ||
| 504 | |a Περιλαμβάνει βιβλιογραφίες και ευρετήριο | ||
| 650 | 0 | 0 | |a Language arts (Elementary) |
| 650 | 0 | 0 | |a Education |x Effect of technological innovations on. |
| 650 | 0 | 0 | |a Popular culture. |
| 700 | 1 | |a Evans, Janet |d 1952- |4 edt | |
| 852 | |a INST |b RHODES |e 20080404 |h 372.6 LIT |p 005400029394 |q 005400029394 |t BK |y 0 | ||
| 852 | |a INST |b RHODES |e 20080212 |h 372.6 LIT |p 005400029944 |q 005400029944 |t BK |y 0 | ||
| 901 | |a BIBL4-2008-1 | ||
| 909 | |a Ρ |b 144804 | ||
| 909 | |a Ρ |b 151617 | ||
| 922 | |a 4ΕΛΗ |b 200801 |c ΕΠΕΑΕΚ2/ΤΕΠΑΕΣ |d ΕΛΕΥΘΕΡΟΥΔΑΚΗΣ | ||
| 922 | |a 4ΕΛΗ |b 200803 |c ΕΠΕΑΕΚ2/ΤΕΠΑΕΣ |d ΠΑΠΑΣΩΤΗΡΙΟΥ | ||
| 970 | |a ΜΙΣΣΟΣ |b ΣΤΑΥΡΟΣ |z 2008/02/12 | ||